| 000 | 00334nam a22001457a 4500 | ||
|---|---|---|---|
| 003 | SGT | ||
| 082 |
_a617.645 _bP21S |
||
| 100 | _aSharma, Aishaan | ||
| 245 | _aPeriodontal instruments | ||
| 260 |
_aGurugram, Haryana _bSGT University _c2021 |
||
| 300 | _a90 | ||
| 650 | _aPeriodontology | ||
| 653 | _aPeriodontology | ||
| 942 |
_2ddc _cTH |
||
| 999 |
_c23634 _d23634 |
||